00519nam a22001817a 450000500170000001000150001702000260003203500130005803700130007108200110008410000210009524500580011625000110017426000300018527000680021530000340028350000200031720150106115336.0 aENG-111402 a9788120350663c595.00 aEN-94934 bDBAD/PUB a530.41 aSrivastava, J.P. aElements of solid state physics /cby J.P. Srivastava a4th ed aDelhibPHI Learningc2015 aRimjhim House, 111, Patparganj Industrial EstatebDelhie110092 axiii,666p. :bill.c24cm(pbk) aIncludes index